000 00992nam a22002537a 4500
999 _c65047
_d65047
005 20240530110804.0
008 190115s2018 ua a g 000 0 ara d
017 _a2018/2545
_bمصر. دار الكتب
020 _a9789777221115
040 _aEG-CaGPL
_cEG-CaGPL
082 0 4 _221
_a153.9 \
_bط ذ
100 0 _aطارق عبدالروؤف محمد عامر
245 1 2 _aالذكاء العاطفى والذكاء الاجتماعى /
_cطارق عبدالروؤف محمد عامر ، ايهاب عيسى المصرى
250 _aط.1
260 _aالقاهرة :
_bالمجموعة العربية للتدريب و النشر،
_c2018 .
300 _a212 ص. :
_bايض ؛
_c24 سم.
650 0 7 _2qrmak
_aالذكاء
650 0 7 _2الذكاء الاجتماعى
650 0 7 _aالذكاء العاطفى
_2qrmak
651 _2qrmak
700 0 _aايهاب عيسى المصرى
_eمؤلف مشارك
942 _2ddc
_cBK